000 00770nam a2200253 i 4500
001 C2-0314774
003 PPAK
005 20221208123232.0
008 120305s2012 my g 0 f may d
020 _a9789670342146
_cRM0.00
_qpaperback
040 _aPPAK
_beng
_cPPAK
_erda
082 0 4 _a899.2333
_223
090 0 0 _a899.2333
_bZUR
_dG
100 0 _aZuriani Mustaffa,
_eauthor.
245 1 0 _aCINTA YANG TERLEWAT /
_cZURIANI MUSTAFFA ; Editor : Norsuraya Desa
264 1 _aShah Alam, Selangor :
_bbuku prima @ grupbuku karangkraf,
_c2012
300 _a460 pages :
_c18 cm
336 _2rdacontent
_atext
337 _2rdamedia
_aunmediated
338 _2rdacarrier
_avolume
650 1 0 _aMalay fiction.
700 0 _aNorsuraya Desa,
_eeditor.
942 _cB
_2ddc
999 _c116110
_d116110